00483nam a22001697a 450000500170000000800410001702000260005804000090008404100120009308200200010510000260012524500720015126000390022330000080026265000230027070000200029320260604105616.0260604b |||||||| |||| 00| 0 eng d a9789380444796c795.00 aMAIN aEnglish a510.24058 bAGG aAggarwal, Kapil Kumar aBusiness Mathematics And Statisticsb : For Commerce And Management aNew Delhib A.B. Publicationc2022 a506 aCommerce (PM USHA) aAggarwal, Vishu